[Event "Pan American-ch U20"]
[Site "Cali"]
[Date "2005.10.20"]
[Round "8"]
[White "Rebolledo, Carlos Andres"]
[Black "Munoz, Mario Julian"]
[Result "1-0"]
[WhiteElo "1800"]
[BlackElo "1800"]
[PlyCount "105"]
[EventDate "2005.10.16"]
[EventType "swiss"]
[EventRounds "9"]
[EventCountry "COL"]
[SourceTitle "EXT 2007"]
[Source "ChessBase"]
[SourceDate "2006.11.23"]
[SourceVersion "1"]
[SourceVersionDate "2006.11.23"]
[SourceQuality "1"]

1. e4 c5 2. Nf3 d6 3. d4 cxd4 4. Nxd4 Nf6 5. Nc3 a6 6. Bd3 e5 7. Nb3 Be6 8. 0-0 Be7 9. Be3 0-0 10. f3 Nbd7 11. Qd2 Qc7 12. Rad1 b5 13. f4 Rfc8 14. f5 Bc4 15. a3 a5 16. h3 a4 17. Nc1 Rab8 18. N1a2 Bxd3 19. cxd3 Nc5 20. Nb4 Ncd7 21. Na6 Qc6 22. Nxb8 Rxb8 23. g4 Nc5 24. Bxc5 dxc5 25. g5 Nh5 26. Nd5 Qd7 27. Qe3 Bf8 28. Qf3 g6 29. Qxh5 Qxd5 30. Qxh7+ Kxh7 31. exd5 Rd8 32. fxg6+ Kxg6 33. h4 Rxd5 34. Kg2 Rd4 35. Kh3 Be7 36. Rfe1 Bd6 37. Re4 Rd5 38. Kg4 c4 39. h5+ Kg7 40. d4 Bc5 41. Rxe5 Rxd4+ 42. Rxd4 Bxd4 43. Rxb5 c3 44. bxc3 Bxc3 45. Rb6 f6 46. gxf6+ Bxf6 47. h6+ Kf7 48. Kf5 Bd4 49. Rb7+ Kg8 50. Kg6 Kf8 51. h7 Ke8 52. Rg7 Kf8 53. h8Q# 1-0

[Event "Pan American-ch U20"]
[Site "Cali"]
[Date "2005.10.16"]
[Round "1"]
[White "Borda, Alan"]
[Black "Munoz, Mario Julian"]
[Result "0-1"]
[WhiteElo "2107"]
[BlackElo "1800"]
[PlyCount "82"]
[EventDate "2005.10.16"]
[EventType "swiss"]
[EventRounds "9"]
[EventCountry "COL"]
[SourceTitle "EXT 2007"]
[Source "ChessBase"]
[SourceDate "2006.11.23"]
[SourceVersion "1"]
[SourceVersionDate "2006.11.23"]
[SourceQuality "1"]

1. e4 c5 2. c3 d6 3. d4 cxd4 4. cxd4 Nf6 5. Nc3 Nbd7 6. Nf3 g6 7. Bd3 Bg7 8. 0-0 0-0 9. Bg5 a6 10. Re1 b5 11. Qd2 Bb7 12. a3 Qb6 13. Rac1 Rac8 14. b4 Rfe8 15. Bb1 Qa7 16. d5 Ng4 17. Na2 Kf8 18. h3 Nge5 19. Nxe5 Nxe5 20. Be3 Qb8 21. Bd3 Rc7 22. Rxc7 Qxc7 23. Rc1 Qb8 24. Nc3 Rc8 25. Ne2 Rxc1+ 26. Nxc1 Qc7 27. Ne2 Qc8 28. Nd4 Nc4 29. Bxc4 Qxc4 30. Qc2 Qxc2 31. Nxc2 e6 32. dxe6 Bxe4 33. Nd4 Bxd4 34. Bxd4 fxe6 35. f3 Bf5 36. Kf2 Ke7 37. Ke3 Kd7 38. Bc3 Kc6 39. g4 Bc2 40. h4 Kd5 41. Bf6 Kc4 0-1